| 000 | 00503nam a2200169Ia 4500 | ||
|---|---|---|---|
| 999 |
_c20581 _d20581 |
||
| 003 | OSt | ||
| 005 | 20200626124939.0 | ||
| 008 | 190216s9999||||xx |||||||||||||| ||und|| | ||
| 040 | _coclc | ||
| 082 |
_a954.83 _bPAD/T |
||
| 100 |
_aPadmanabhamenon, K P _93271 |
||
| 245 | 0 |
_aTiruvithamkoor(Venadu)Rajavamsam / _cK P Padmanabhamenon |
|
| 260 |
_bKerala Sahithya Academy, _c1989. _aThrissur: |
||
| 300 | _a67p | ||
| 650 | _aHistory | ||
| 942 |
_cBK _2ddc _h954.83 _iPAD/T _k954.83 _mPAD/T |
||